Comparative grammar Volume IV Wh-movement

Bibliographic Details
Other Authors: Roberts, Ian (Compiler)
Format: Book
Language:English
PhysicalDescription:viii, 440 s. grafy, tab. 24 cm
Published: London New York Routledge 2007
ISBN:0415342031 (viaz. : 4. vol.)
041531499X (set)
Series:Critical concepts in linguistics
Subjects:

MARC

LEADER 00000nam a2200000 a 4500
001 vtls011496092
003 SK-MaSNL
005 20260425233150.0
008 160222s2007 xxkda f 000 0 eng
020 |a 0415342031 (viaz. : 4. vol.) 
020 |a 041531499X (set) 
040 |a SNK  |b slo  |c SNK  |e AACR2 
041 0 |a eng 
044 |a xxk  |c GB  |a xxu  |c US 
072 7 |a 811.111  |x Angličtina  |2 konspekt 
072 7 |a 81  |x Lingvistika. Jazyky  |2 konspekt 
080 |a 811.111  |2 2001 
080 |a 81`362  |2 2001 
080 |a (048.8:082)  |2 2001 
245 0 0 |a Comparative grammar  |n Volume IV  |p Wh-movement  |c edited by Ian Roberts 
246 3 0 |a Critical concepts in linguistics 
246 3 0 |a Wh-movement 
260 |a London  |a New York  |b Routledge  |c 2007 
300 |a viii, 440 s.  |b grafy, tab.  |c 24 cm 
490 1 |a Critical concepts in linguistics 
650 0 7 |a angličtina  |2 SNKPH  |9 1260 
650 0 7 |a komparatívna gramatika  |2 SNKPH  |9 79737 
650 0 7 |a English language  |2 SNKPHeng  |9 279139 
650 0 7 |a Comparative grammar  |2 SNKPHeng  |9 340856 
655 7 |a kolektívne monografie  |2 SNKPH  |9 249850 
655 7 |a Collective monographs  |2 SNKPHeng  |9 125747 
700 1 |a Roberts, Ian  |4 com  |9 340857 
752 |a Veľká Británia  |d Londýn 
830 0 |a Critical concepts in linguistics  |9 340858 
919 |a 0-415-34203-1 
999 |c 758448  |d 760378 
952 |t snkCOM/4 800  |a SNKUST  |b SNKUST  |y PREZ  |7 0  |p 17A1124691  |o snkIC 142387/4  |i snk2016/4907  |8 3  |g 227.62  |0 0  |1 0  |4 0  |d 2016-02-22  |l 0  |r 2025-04-28 00:00:00  |w 2026-02-23